| Поле | Инд. | ПП | Название | Значение |
|---|---|---|---|---|
| Тип записи | a | |||
| Библиографический уровень | b | |||
| 001 | Контрольный номер | ca8a1672feb24374a8eb2e2ab482f761 | ||
| 005 | Дата корректировки | 20200630193124.8 | ||
| 008 | Кодируемые данные | 20170331 | ||
| 040 | b | Код языка каталог. | rus | |
| e | Правила каталог. | PSBO | ||
| 041 | 0_ | a | Код языка текста | rus |
| 084 | a | Индекс другой классификации/Индекс ББК | 67.404.1(2Рос) | |
| 100 | 1_ | a | Автор | Лоренц Д. В. |
| 245 | 10 | a | Заглавие | Цифровые права в сфере недвижимости: юридическая природа и способы защиты |
| 650 | 14 | a | Основная рубрика | право; гражданское право; право собственности |
| 653 | 0_ | a | Ключевые слова | блокчейн |
| a | Ключевые слова | блокчейн-технологии | ||
| a | Ключевые слова | виндикация | ||
| a | Ключевые слова | Гражданский кодекс РФ | ||
| a | Ключевые слова | защита гражданских прав | ||
| a | Ключевые слова | недвижимое имущество | ||
| a | Ключевые слова | недвижимость | ||
| a | Ключевые слова | правовое регулирование | ||
| a | Ключевые слова | Россия | ||
| a | Ключевые слова | токены | ||
| a | Ключевые слова | цифровой код | ||
| a | Ключевые слова | цифровые права | ||
| 773 | 08 | t | Заглавие источника | Российская юстиция |
| d | Дата издания источника | 2020 | ||
| g | Прочая информация | № 2. - С. 57 - 60 | ||
| w | Контрольный № источника | bd79b8de93a941129b7f256c84795769 | ||
| 901 | t | Тип документа | b |